000
00390nam a22001697a 4500
003
MPLRDC
005
20220104143444.0
008
210129b ||||| |||| 00| 0 eng d
082
_a
179.8 LJ
100
_a
梁静编
245
_a
身心自测面面观
_c
250
_a
一版一刷
260
_a
_b
山东人民出版社
_c
1986
300
_b
平
650
_a
942
_c
BK
_o
179.8 LJ
999
_c
40080
_d
40070